Dư địa chí văn hóa truyền thống huyện Hòa An - tỉnh Cao Bằng

Giới thiệu khái quát về con người và vùng đất Hòa An; Địa lý huyện Hòa An; Sông, suối, hồ, đồi núi, làng văn hóa, kỳ quan thiên nhiên và đồi núi có di tích lịch sử; Thể thao, giao thông, giáo dục..

Na minha lista:
Detalhes bibliográficos
Autor principal: Nguyễn, Thiên Tứ
Formato: Livro
Idioma:Undetermined
Publicado em: Hà Nội Văn hóa Thông tin 2011
Assuntos:
Tags: Adicionar Tag
Sem tags, seja o primeiro a adicionar uma tag!
Thư viện lưu trữ: Trung tâm Học liệu Trường Đại học Cần Thơ
LEADER 01015nam a2200217Ia 4500
001 CTU_172218
008 210402s9999 xx 000 0 und d
082 |a 915.9712 
082 |b T550 
100 |a Nguyễn, Thiên Tứ 
245 0 |a Dư địa chí văn hóa truyền thống huyện Hòa An - tỉnh Cao Bằng 
245 0 |c Nguyễn Thiên Tứ 
260 |a Hà Nội 
260 |b Văn hóa Thông tin 
260 |c 2011 
520 |a Giới thiệu khái quát về con người và vùng đất Hòa An; Địa lý huyện Hòa An; Sông, suối, hồ, đồi núi, làng văn hóa, kỳ quan thiên nhiên và đồi núi có di tích lịch sử; Thể thao, giao thông, giáo dục.. 
650 |a Names, geographical,Tên địa danh 
650 |x Description and travel,Mô tả và du hành 
650 |z Vietnam,Việt Nam 
904 |i Trọng Hải 
980 |a Trung tâm Học liệu Trường Đại học Cần Thơ